Statistiques concernant Drapeau Noir

Cliquez ici pour prendre le quiz!

Statistiques générales

  • Ce quiz a été pris 54 fois
  • Le résultat moyen est 38 sur 45

Statistiques - réponses

Réponse% Correct
Afrique du sud
100%
Albanie
100%
Allemagne
100%
Angola
100%
Belgique
100%
Corée du sud
100%
Egypte
100%
Kenya
100%
Jamaique
98%
Irak
96%
Ouganda
93%
Syrie
93%
Barbade
91%
Estonie
91%
Botswana
89%
Ghana
89%
Jordanie
89%
Papouasie-Nouvelle-Guinée
89%
Sainte Lucie
89%
Afghanistan
87%
Libye
87%
Mozambique
87%
Zimbabwe
87%
Brunei
84%
Eswatini
84%
Bahamas
82%
Lesotho
82%
Soudan
82%
Zambie
82%
Sao Tomé-et-Principe
80%
Tanzanie
80%
Dominique
78%
Emirats arabes unis
78%
Koweit
78%
Malawi
78%
Soudan du sud
78%
Antigua-et-Barbuda
76%
Yémen
76%
Guinée-Bissau
73%
Trinité-et-Tobago
73%
Vanuatu
71%
Guyana
69%
Saint-Christophe-et-Niévès
69%
Timor oriental
69%
Palestine
53%

Distribution des résultats

Percentile par nombre de réponses

% des personnes avec chaque résultat

Votre développement - résultats

Vous n’avez pas pris ce quiz